Statistics for Countries Where Jetpunk is More Popular than Sporcle

Click here to take the quiz!

General Stats

  • This quiz has been taken 25 times
  • The average score is 12 of 25

Answer Stats

ContinentCountryRatio% Correct
EuropeFrance6.7
80%
EuropeGermany1.6
80%
EuropeFinland1.3
76%
South AmericaBrazil1.3
72%
EuropePoland15.6
68%
EuropeBelgium1.4
56%
EuropeRussia1.7
56%
EuropeAustria1.2
52%
EuropeSwitzerland1.6
48%
AfricaAlgeria2.0
44%
EuropeLuxembourg1.6
44%
AfricaMorocco2.2
44%
EuropeUkraine3.3
44%
AsiaArmenia7.3
40%
AsiaAzerbaijan>99
40%
AfricaTunisia1.2
40%
AsiaTurkey1.9
40%
North AmericaBarbados>99
36%
EuropeBelarus4.0
36%
North AmericaSaint Vincent and the
Grenadines
>99
32%
AsiaKazakhstan4.8
28%
AsiaKyrgyzstan3.8
28%
AsiaUzbekistan>99
28%
EuropeMoldova>99
24%
AfricaIvory Coast>99
16%

Score Distribution

Percentile by Number Answered

Percent of People with Each Score

Your Score History

You have not taken this quiz